| 000 | 00701cam a22002172 4500 | ||
|---|---|---|---|
| 001 | 0000001843 | ||
| 005 | 20151217154331.0 | ||
| 008 | 070328s xx 000 0 eng d | ||
| 040 |
_aKABU _cKABU |
||
| 050 | 0 |
_aHD62.15 _b.S73 |
|
| 100 | 1 |
_aStahl, Michael J. _@0000150884 |
|
| 245 | 1 | 0 |
_aStrategic management : _btotal quality and global competition / _cMichael J. Stahl and David W. Grigsby. |
| 260 |
_aOxford : _bBlackwell, _c1998. |
||
| 300 | _axvi, 300 p. | ||
| 650 | 0 |
_aTotal quality management. _@0000150880 |
|
| 650 | 0 |
_aStrategic planning. _@0000150576 |
|
| 700 | 1 |
_aGrigsby, David W. _@0000150885 |
|
| 908 | _a070328 | ||
| 950 | _@1 | ||
| 999 |
_c10562 _d10562 |
||